[Event "BAN-chT2"]
[Site "Dhaka"]
[Date "2022.07.19"]
[Round "2.1"]
[White "Rasel, Sheikh"]
[Black "Islam, Sheik Md Khairul"]
[Result "0-1"]
[WhiteElo "1793"]
[BlackElo "1890"]
[PlyCount "120"]
[EventDate "2022.07.18"]
[EventType "team-swiss"]
[EventRounds "9"]
[EventCountry "BAN"]
[SourceTitle "EXT 2023"]
[Source "ChessBase"]
[SourceDate "2022.10.05"]
[SourceVersion "1"]
[SourceVersionDate "2022.10.05"]
[SourceQuality "1"]
[WhiteTeam "Dipali Memorial Club"]
[BlackTeam "Sports Bangla"]
[WhiteTeamCountry "BAN"]
[BlackTeamCountry "BAN"]

1. Nf3 d5 2. c4 e6 3. g3 Nf6 4. Bg2 c6 5. b3 Bd6 6. Bb2 Nbd7 7. d4 Bb4+ 8. Nbd2 Ne4 9. 0-0 f5 10. Qc2 0-0 11. Nxe4 fxe4 12. Ne5 Nxe5 13. dxe5 Bd7 14. Rad1 Qe7 15. a3 Bc5 16. b4 Bb6 17. c5 Bc7 18. f3 exf3 19. exf3 b6 20. Bd4 bxc5 21. Bxc5 Bb6 22. Rc1 Bxc5+ 23. Qxc5 Qxc5+ 24. Rxc5 a5 25. bxa5 Rfb8 26. Rfc1 Rb3 27. a4 Rb4 28. Bf1 Rxa4 29. a6 Rb4 30. Bd3 Rb6 31. Ra1 Ra7 32. Ra2 Kf7 33. Kf2 Ke7 34. Bxh7 Raxa6 35. Rac2 Be8 36. Bd3 Ra3 37. Be2 Kd7 38. h4 Kc7 39. Bd1 Bg6 40. Rc1 Rb2+ 41. Kg1 Be8 42. h5 Re3 43. Ba4 Rb6 44. Kf2 Rxe5 45. g4 Kd6 46. Kg3 d4 47. Rxe5 Kxe5 48. Rc5+ Kd6 49. Rg5 Rb7 50. Kf4 Ra7 51. Ke4 Rxa4 52. Rxg7 c5 53. h6 Bc6+ 54. Kf4 Ra3 55. Kg5 Rxf3 56. Kh4 Rf1 57. g5 d3 58. Rf7 Rh1+ 59. Kg3 d2 60. Rf1 Rxf1 0-1

[Event "BAN-chB 44th"]
[Site "Dhaka"]
[Date "2018.11.13"]
[Round "1"]
[White "Mihir Lal, Das"]
[Black "Rasel, Sheikh"]
[Result "1-0"]
[WhiteElo "2026"]
[BlackElo "1815"]
[PlyCount "123"]
[EventDate "2018.11.13"]
[EventType "swiss"]
[EventRounds "9"]
[EventCountry "BAN"]
[SourceTitle "CBM 187 Extra"]
[Source "ChessBase"]
[SourceDate "2018.11.04"]
[SourceVersion "1"]
[SourceVersionDate "2018.11.04"]
[SourceQuality "1"]

1. Nf3 c5 2. g3 g6 3. Bg2 Bg7 4. c3 Nc6 5. d4 cxd4 6. cxd4 d5 7. 0-0 Nf6 8. Nc3 0-0 9. Bf4 Bf5 10. Ne5 h6 11. Nxc6 bxc6 12. Qc1 Kh7 13. Be5 Qa5 14. a3 Rfc8 15. b4 Qa6 16. h3 Rd8 17. g4 Be6 18. Qc2 Nd7 19. Bxg7 Kxg7 20. Na4 Nb6 21. Nc5 Qc8 22. Rfc1 Nc4 23. e4 a6 24. e5 h5 25. Nxe6+ Qxe6 26. gxh5 gxh5 27. Kh2 Rg8 28. Qe2 Qf5 29. Qf3 Qxf3 30. Bxf3 Nd2 31. Rc3 Kh6 32. Rxc6+ e6 33. Bxd5 Rgd8 34. Rd1 Rxd5 35. Rxd2 a5 36. Rc5 axb4 37. Rxd5 exd5 38. axb4 Rb8 39. Rb2 Rb5 40. h4 Kg6 41. Kg3 Kf5 42. Kf3 f6 43. exf6 Kxf6 44. Kf4 Ke6 45. Kg5 Rb7 46. Re2+ Kf7 47. Re5 Rxb4 48. Rxd5 Ke6 49. Re5+ Kd6 50. Re8 Rb5+ 51. Kg6 Rb2 52. Rf8 Kd5 53. Rf4 Ke6 54. Kxh5 Rb8 55. Kg6 Rg8+ 56. Kh7 Ra8 57. h5 Ra7+ 58. Kg6 Ra1 59. Re4+ Kd5 60. Rh4 Ra6+ 61. Kg5 Ra8 62. h6 1-0

[Event "Dhaka Walton op 07"]
[Site "Dhaka"]
[Date "2018.07.09"]
[Round "6"]
[White "Abul, Kashem"]
[Black "Rasel, Sheikh"]
[Result "0-1"]
[WhiteElo "1591"]
[BlackElo "1785"]
[PlyCount "58"]
[EventDate "2018.07.04"]
[EventType "swiss"]
[EventRounds "9"]
[EventCountry "BAN"]
[SourceTitle "EXT 2019"]
[Source "ChessBase"]
[SourceDate "2018.10.10"]
[SourceVersion "1"]
[SourceVersionDate "2018.10.10"]
[SourceQuality "1"]

1. Nf3 c5 2. c4 g6 3. d4 cxd4 4. Nxd4 Bg7 5. Nc3 Nc6 6. Nc2 d6 7. g3 Bd7 8. Bg2 Rb8 9. e4 Nf6 10. 0-0 0-0 11. h3 a6 12. Re1 b5 13. cxb5 axb5 14. Ne3 Re8 15. Kh2 Ne5 16. f4 Nc4 17. Nxc4 bxc4 18. Qc2 Qc7 19. Be3 Bc6 20. Rad1 Qb7 21. Bc1 Rec8 22. Re2 Nd7 23. Nd5 Nc5 24. a3 Ba4 25. Qd2 Bxd1 26. Qxd1 e6 27. Nb4 Nd3 28. Nxd3 cxd3 29. Rd2 Qc7 0-1

[Event "Dhaka op"]
[Site "Dhaka"]
[Date "2016.06.24"]
[Round "1"]
[White "Rasel, Sheikh"]
[Black "Rahman, Md Taibur"]
[Result "0-1"]
[WhiteElo "1760"]
[BlackElo "2317"]
[PlyCount "112"]
[EventDate "2016.06.24"]
[EventType "swiss"]
[EventRounds "9"]
[EventCountry "BAN"]
[SourceTitle "EXT 2017"]
[Source "ChessBase"]
[SourceDate "2016.10.25"]
[SourceVersion "1"]
[SourceVersionDate "2016.10.25"]
[SourceQuality "1"]

1. e4 c5 2. Nf3 Nc6 3. Bb5 g6 4. 0-0 Bg7 5. Re1 Nf6 6. c3 0-0 7. d4 d5 8. exd5 Qxd5 9. Bxc6 bxc6 10. Re5 Qd6 11. Rxc5 Ne4 12. Ra5 c5 13. Qe2 Bb7 14. dxc5 Nxc5 15. Be3 Nd3 16. Nd4 Bxd4 17. Bxd4 Nf4 18. Qe5 Qxe5 19. Rxe5 Nxg2 20. Rxe7 Bc6 21. Rc7 Bd5 22. c4 Nf4 23. Nc3 Bf3 24. Rxa7 Nd3 25. Rxa8 Rxa8 26. Nb5 Nf4 27. Be3 Ne2+ 28. Kf1 Re8 29. Re1 f5 30. Rxe2 Bxe2+ 31. Kxe2 f4 32. c5 fxe3 33. fxe3 Ra8 34. a3 Ra5 35. a4 Rxa4 36. b3 Ra5 37. Kd3 Rxb5 38. Kc4 Rb8 39. b4 Kf7 40. c6 Ke7 41. Kc5 Kd8 42. b5 Kc7 43. e4 Re8 44. b6+ Kc8 45. Kd5 Rd8+ 46. Kc5 Re8 47. Kd5 Rd8+ 48. Kc5 Re8 49. Kd5 g5 50. e5 g4 51. Kd6 Rd8+ 52. Ke7 Rd2 53. e6 Rxh2 54. Kd6 Rd2+ 55. Ke7 g3 56. Kf8 g2 0-1